Statystyki dla 15 najbardziej dotkniętych krajów Covid-19 - 8 maja

Kliknij tutaj aby rozwiązać quiz!

Ogólne statystyki

  • Ten quiz został rozwiązany 41 razy
  • Średni wynik to 14 z 24

Statystyki odpowiedzi

kraj% Poprawnych
Chiny
97%
Stany Zjednoczone
97%
Niemcy
95%
Francja
92%
Rosja
90%
Hiszpania
87%
Wielka Brytania
87%
Włochy
87%
Kanada
79%
Brazylia
74%
Indie
62%
Turcja
59%
Belgia
54%
Holandia
54%
Portugalia
54%
Szwecja
54%
Iran
41%
Irlandia
33%
Szwajcaria
26%
Białoruś
21%
Singapur
18%
Peru
13%
Bahrajn
8%
Katar
8%

Rozkład punktacji

Percentyl według liczby udzielonych odpowiedzi

Procent ludzi z każdym wynikiem

Twoja historia wyników

Nie rozwiązałeś tego quizu